Quizzes
Events
Quiz Creation
Community
Videos
Private Events
Remove Ads
Sign In
Join for FREE
Feedback
Dark Mode
Quiz Categories
Sports
Geography
Music
Movies
Television
Just For Fun
Miscellaneous
History
Literature
Language
Science
Gaming
Entertainment
Religion
Holiday
For Kids
Quiz Lab
Recent
Popular Today
Quiz Kudos Today
Editor Picks
Curator Picks
Quizzes by...
Day
Popularity
Type
Ratings
Length
Year
Community
Subscriptions
Recent Discussions
Orange Saloon
Badges
Playlists
Quests
Create
Leaderboards
Showdown
Live 5
Trivia Bingo
Activity
Puzzle Library
Sporcle Events
Private Events
Virtual Trivia
Globe League
Become a Host
Pub Owners
SporcleCon
Opinionation
Our Games
Videos
Blog
Mobile Apps
Partnerships
Remove Ads and Go Orange
Feedback
Sports
Athletes
MLB
NBA
NHL
NFL
Soccer
Sports Teams
WWE
NCAA
Football
Premier League
Basketball
Baseball
Hockey
Golf
Tennis
Cricket
Rugby
Auto Racing
Olympics
World Cup
Sports
Athletes
MLB
NBA
NHL
NFL
Soccer
Sports Teams
WWE
NCAA
Football
Premier League
Basketball
Baseball
Hockey
Golf
Tennis
Cricket
Rugby
Auto Racing
Olympics
World Cup
Random Quiz
Search Sporcle
×
Quiz Lab
Quiz Lab
Sports
Nascar Driver
Type in answers that appear in a list
Type in answers that appear in a list
Classic
Best Score? Go Orange.
2012 NASCAR Sprint Cup Drivers by Hometown Stats
Can you name the NASCAR Sprint Cup Drivers Hometowns?
By
tstewart14
15m
76 Questions
99 Plays
99 Plays
99 Plays
Comments
Comments
Give Quiz Kudos
Give Quiz Kudos
-
- Ratings
hide this ad
More Info
Random Order
Randomize order of answers
Randomize order of answers
Replay
Link that replays current quiz
Next Quiz
Link to next quiz in quiz playlist
You Got
0%
They Got
Avg Score
52%
Avg Friend Score
Upgrade to see
Score Distribution
Jump to the score distribution portion of the page
Score
0/76
Timer
15:00
0
Plays Today
City
Driver
% Correct
Pittsboro, IN
Jeff Gordon
85.9%
Las Vegas, NV
Kyle Busch
83.8%
Las Vegas, NV
Kurt Busch
83.8%
El Cajon, CA
Jimmie Johnson
83.8%
Bakersfield, CA
Kevin Harvick
82.8%
Cerritos, CA
Robby Gordon
79.8%
Kannapolis, NC
Dale Earnhardt Jr.
78.8%
Cambridge, WI
Matt Kenseth
76.8%
Batesville, AR
Mark Martin
76.8%
Columbus, IN
Tony Stewart
75.8%
Enumclaw, WA
Kasey Kahne
74.7%
Joplin, MO
Jamie McMurray
73.7%
Middletown, CT
Joey Logano
73.7%
Emporia, KS
Clint Bowyer
73.7%
Mayetta, NJ
Martin Truex Jr.
73.7%
Midlothian, VA
Denny Hamlin
72.7%
Columbia, MO
Carl Edwards
72.7%
Corpus Christi, TX
Bobby Labonte
71.7%
Corpus Christi, TX
Terry Labonte
71.7%
Vancouver, WA
Greg Biffle
70.7%
South Boston, VA
Jeff Burton
69.7%
Owensboro, KY
Michael Waltrip
69.7%
South Bend, IN
Ryan Newman
67.7%
Rochester Hills, MI
Brad Keselowski
67.7%
Olive Branch, MS
Ricky Stenhouse Jr.
66.7%
Bogota, COL
Juan Pablo Montoya
66.7%
Roscoe, IL
Danica Patrick
66.7%
Dawsonville, GA
Bill Elliott
66.7%
Unadilla, GA
David Ragan
65.7%
Knoxville, TN
Trevor Bayne
63.6%
Defiance, OH
Sam Hornish Jr.
61.8%
St. Louis, MO
Kenny Wallace
61.6%
Eau Claire, WI
Paul Menard
60.6%
Cato, NY
Regan Smith
60.6%
St. Louis, MO
Mike Wallace
60.6%
Launceston, AUS
Marcos Ambrose
59.6%
Emporia, VA
Elliott Sadler
59.6%
Zephyrhills, FL
David Reutimann
58.6%
City
Driver
% Correct
Emporia, VA
Hermie Sadler
58.6%
Los Gatos, CA
A.J. Allmendinger
57.6%
Thomasville, NC
Brian Vickers
55.6%
Bakersfield, CA
Casey Mears
54.5%
Tampa, FL
Aric Almirola
54.5%
Hartford, OH
Dave Blaney
53.5%
Cedar Rapids, IA
Landon Cassill
53.5%
Riverside, CA
David Gilliland
53.5%
Phoenix, AZ
J.J. Yeley
51.5%
Lewisville, NC
Austin Dillon
50%
Naples, FL
Joe Nemechek
49.5%
Fenton, MO
Ken Schrader
49.5%
Janesville, WI
Travis Kvapil
47.5%
Phoenix, AZ
Michael McDowell
45.5%
Peachtree City, GA
Reed Sorenson
45.5%
Manteca, CA
Scott Speed
45.5%
South Bend, IN
David Stremme
43.4%
Port Tobacco, MD
Timmy Hill
41.4%
Carlsbad, CA
Boris Said
41.2%
Milwaukee, OR
Mike Bliss
39.4%
McKinney, TX
Robert Richardson Jr.
38.4%
LaPorte, IN
Tony Raines
37.4%
Ontario, CA
Mike Skinner
35.3%
Alpine, CA
Cole Whitt
35.3%
Riverside, CA
Josh Wise
34.3%
Durham, NC
Scott Riggs
34.3%
Long Beach, CA
Jason Leffler
32.4%
Asheville, NC
Stephen Leicht
26.5%
Sparks, NV
T.J. Bell
26.5%
Oak Park, CA
Patrick Long
23.5%
Las Vegas, NV
Brendan Gaughan
22.2%
Hollywood, CA
Tomy Drissi
22.1%
Mauston, WI
Kelly Bires
19.1%
Phoenix, AZ
Chris Cook
19.1%
North Haverhill, NH
Mike Olsen
17.6%
Richmond, VA
Jason White
16.2%
Lynchburg, VA
Stacy Compton
15.2%
Atascadero, CA
David Mayhew
13.2%
Quiz Playlist
Details
Report
Send in Message
Add To Playlist
More Info:
Will try to update weekly with any new drivers. Also any driver who has driven in or DNQ'd for a race is included in this quiz.
Classic:
Type in answers that appear in a list
Random Order:
Randomize order of answers
Quiz Source
Last Updated: Feb 16, 2017
Quiz Scoreboard
CHALLENGE
Sign Up to Join the Scoreboard
Show All
Scores
Hide
Comments
May contain spoilers
Recently Published
Pick 6: Fruits
by JohnFran
Miscellaneous
15s
Click the 1999 NBA Draft
by nibperrychub
Sports
2m
Alphabetical 'K' Countries by Flag Minefield
by ylime102
Geography
3m
More to Explore
Quiz From the Vault
Featured Blog Post
15 Basketball Trivia Facts You Can Be March Mad About
hide this ad
You Might Also Like...
Tags
NASCAR
Nascar Driver
Today's Top Quizzes in Sports
Browse Sports
hide this ad
Today's Top Quizzes in Nascar Driver
Browse Nascar Driver
Top Contributed Quizzes in Sports
1
Les joueurs à 100 buts en Ligue 1 Uber Eats
2
Pick 6: NFL Teams
3
MLB 2 truths and a lie: Hall of Fame pitchers
4
2022 World Cup Stars
5
Criteria MLB: Left Handed Sluggers
6
Millionaire: NBA Finals Edition
7
Pick 6: Minor League Baseball
8
Click the 1998 NBA Draft
9
Don't Strike Out: 3000 Strikeouts
10
Pick 6: Olympics
Explore More
Trending Topics
Harry Potter
Marvel
Kpop
Disney
Crossword
NBA
Anime
The Office
NFL
Pokémon
Soccer
WWE
Song
Puzzle
Country
hide this ad
More By:
tstewart14
Quiz
Plays
Rating
Category
Featured
Created
Bands With Number 1 Mainstream Rock Hits in the US
2,479
4.28
Music
May 26, 2012
Different Nationalities of Formula 1 Drivers
1,660
4.42
Sports
Jun 26, 2013
2015 NASCAR Sprint Cup Series Winners
1,208
5.00
Sports
Nov 23, 2015
NCAA Division I FBS Football Schools By Conference
997
4.17
Sports
Dec 2, 2013
2016 Daytona 500 Drivers
893
4.67
Sports
Feb 22, 2016
Go to Creator's Profile
Score Distribution
Quiz Creator Spotlight
tstewart14
Follow
Send a Message
Quizzes Created
-
Created Quiz Play Count
-
More By This Creator
Popular Quizzes Today
1
Countries of Asia Without Outlines Minefield
2
Find the US States - No Outlines Minefield
3
Pick 6: Fruits
4
Alphabetical 'K' Countries by Flag Minefield
5
The Countries of the World
6
Find the US States
7
US States
8
Match the Book to the Film X
More Sports Quizzes
Nommez les 15 meilleurs scoreurs NBA de l'histoire ?
Quiz Lab
Trending Quizzes
Pick 6: Mountains
Pick 6: Harry Potter
Pick 6: NFL Teams
Pick 6: Movie Franchises
Pick 6: Flags
Recently Updated
NWSL Teams
pecheneg
Women's Final Four Teams by Year
bhenderson79
Presidents Quartet II
eogle
Anything But Clue(do)
eogle
Anything But Oceanian Capitals
eogle
Anything But 7
eogle
Anything But Thing
eogle
Word Ladder: February 29
pecheneg
Song Title Questions
pecheneg
Women's NCAA Tournament #1 Seeds
pecheneg
Trending Topics
NBA
Kpop
Harry Potter
Marvel
Anime
Crossword
Disney
Pokémon
Soccer
WWE
The Office
Song
NFL
Country
Puzzle
Your Account Isn't Verified!
In order to create a playlist on Sporcle, you need to verify the email address you used during registration. Go to your
Sporcle Settings
to finish the process.
Report this User
Report this user for behavior that violates our
Community Guidelines
.
Details:
Send Report
Go to the Sporcle.com Mobile Site →
Comments